| 000 | 00835nam a2200253Ia 4500 | ||
|---|---|---|---|
| 003 | OSt | ||
| 005 | 20220926013442.0 | ||
| 006 | a|||||r|||| 00| 0 | ||
| 007 | ta | ||
| 008 | 220923b |||||||| |||| 00| 0 eng d | ||
| 020 |
_a186064676X _c4039.92 |
||
| 037 |
_b1781, 22/07/2006, P.T. BOOKS INTERNATIONAL _cGeneral Book |
||
| 040 |
_aRTL _cRTL _beng |
||
| 041 |
_2eng _aeng |
||
| 082 | _aY54:438, P5 | ||
| 100 |
_aJones Tim _9146280 |
||
| 245 | 0 |
_aSAS _b The first secret wars The unknown years of combat and counter- insurgency |
|
| 260 |
_aNew York _bI B Tauris _c2005 |
||
| 300 |
_aix, 213p _ccm. |
||
| 500 | _aBibliography p 197-205 | ||
| 650 |
_aMilitary Class Sociology _9318350 |
||
| 942 |
_hY54:438, P5 _cGB _2CC |
||
| 999 |
_c626008 _d626008 |
||